Teams That Never Relegated from EPL - Statistics

General Stats
  • This quiz has been taken 53 times
    29 since last reset
  • The average score is 7 of 8
Answer Stats
Year Joined Team % Correct
1992 Liverpool
100%
1992 Manchester United
100%
1992 Chelsea
96%
1992 Arsenal
88%
1992 Tottenham Hotspur
88%
1992 Everton
80%
2017 Brighton & Hove Albion
68%
2021 Brentford
52%
No matching quizzes found
Score Distribution
Percent of People with Each Score
Percentile by Number Answered
Your Score History
You have not taken this quiz since the last reset